[Event "1st GM Brena Baja-La Palma 2019"]
[Site "La Palma"]
[Date "2019.03.30"]
[Round "3.1"]
[White "Juhasz, Armin"]
[Black "Gonzalez Perez, Arian"]
[Result "1/2-1/2"]
[WhiteElo "2375"]
[BlackElo "2467"]
[Annotator "TA"]
[PlyCount "136"]
[EventDate "2019.03.23"]
[EventType "tourn"]
[EventCountry "ESP"]
[SourceTitle "playchess.com"]
[Source "ChessBase"]
[SourceQuality "1"]

{[%evp 24,136,16,21,14,18,32,24,22,0,0,0,8,0,13,0,0,0,-2,0,-2,-5,-5,-6,-6,-6,-6,-4,-2,-4,0,0,0,0,110,107,103,89,77,88,89,88,97,41,141,47,37,0,0,0,0,0,0,-25,-25,-31,-24,-30,-22,-47,-13,-69,-67,-69,-64,-69,-62,-100,-89,-128,-68,-84,-14,-14,-8,-14,0,-72,-72,-72,0,-6,0,-71,-71,-71,-71,-87,-54,-54,-52,-71,-71,-71,-71,-96,-18,-18,-16,-12,-20,-27,-27,-23,0,-22,0,0,0,0,0,0,0,0,0]} 1. d4 d5 2. c4 c6 3. cxd5 cxd5 4. Nc3 Nf6 5. Bf4 Nc6 6. e3 Bf5 7. Nf3 e6 8. Qb3 Bb4 9. Bb5 Qa5 10. O-O O-O 11. Bxc6 bxc6 12. Bc7 Qxc7 13. Qxb4 Rab8 {D14: Slav Defence: Exchange variation with ...Bf5} 14. Qa3 Nd7 15. Rac1 Rfc8 {White has an edge.} 16. b3 $146 ({Predecessor:} 16. Na4 Rb5 17. Rc3 Be4 18. Rfc1 Bxf3 19. gxf3 Nb8 20. Nc5 Rb6 21. Nd3 {0-1 (43) Ugalde Ezcurra,J (2169)-Rusev,K (2543) Pamplona 2009}) 16... c5 17. h3 Qb6 18. Rfd1 c4 19. bxc4 Rxc4 20. Nh4 Be4 21. Nxe4 Rxc1 {[#]} 22. Nf6+ $1 {[%mdl 512]} Nxf6 23. Rxc1 Ne4 24. Nf3 h6 25. Ne5 Qb2 {[#]} 26. Rc8+ $1 {[%mdl 512]} Kh7 (26... Rxc8 27. Qxb2) 27. Qxb2 Rxb2 28. Nxf7 Rxa2 $11 {[%mdl 4096] Endgame [#] KRN-KRN} ({Much worse is} 28... Rxf2 $6 29. Rh8+ Kg6 30. Ne5+ Kg5 31. Rg8 $16) (28... Nxf2 $11 29. Rh8+ Kg6 30. Ne5+ Kg5) 29. Rh8+ $1 $16 Kg6 30. Ne5+ Kf6 31. Rf8+ Ke7 32. Rf7+ Ke8 33. f3 (33. Rxg7 $16 Nxf2 34. Rh7) 33... Ra1+ $14 34. Kh2 Nd2 {Black wants to play ...Nf1+.} 35. Rxg7 {Black must now prevent Kg3.} Nf1+ $1 {[%mdl 64] Double Attack} 36. Kg1 {Strongly threatening Kf2.} Nxe3+ 37. Kf2 Nf5 $1 {[%csl LRd4,LRg7]} 38. Rg8+ Ke7 39. g4 Ra2+ 40. Kf1 Nxd4 41. f4 a5 {[%cal Ba7a5,Ba5a4,Ba4a3][%mdl 32]} 42. g5 ({Better is} 42. Rg7+ $1 $11 Kd6 43. Ra7) 42... hxg5 $15 43. fxg5 Nf5 44. Ra8 a4 45. Ra6 a3 46. Nc6+ Kd7 (46... Kf8 $17 {Hoping for ...Ne3+.} 47. Ke1 Rc2) 47. Nb4 Rb2 ({Black should play} 47... Ra1+ $17 48. Kf2 Ke7) 48. Nd3 $11 Ne3+ 49. Ke1 Rg2 50. Rxa3 (50. Nc5+ $11 Ke7 51. Rxe6+ {[%mdl 64] Double Attack} Kf7 52. Rf6+ (52. Rxe3 a2 $11) 52... Kg8 53. Ne6) 50... Nc2+ $17 51. Kf1 Ne3+ ({Black should try} 51... Rxg5 $17 52. Ra7+ Kd6) 52. Ke1 $11 Nc2+ (52... Rxg5 $11 53. Nc5+ {[%mdl 64] Discovered Attack} Kc6 54. Nxe6 Re5 55. Nd4+ Kc5) 53. Kf1 $17 Rxg5 54. Ra7+ Ke8 55. Nc5 Rf5+ 56. Kg2 e5 57. Ne6 Ne3+ 58. Kg3 Rf6 59. Ng5 d4 (59... Nf5+ $17 60. Kg4 Nd6) 60. Ra8+ $11 Kd7 61. Ra7+ Kc8 {aiming for ...d3.} 62. Ne4 Nf1+ 63. Kg2 Ne3+ 64. Kg3 {The position is equal.} Rf1 {And now ...d3 would win.} 65. Ra5 Nf5+ 66. Kg2 Ne3+ 67. Kg3 Nf5+ 68. Kg2 Ne3+ {Accuracy: White = 66%, Black = 60%.} 1/2-1/2

[Event "1st GM Brena Baja-La Palma 2019"]
[Site "La Palma"]
[Date "2019.03.30"]
[Round "3.2"]
[White "Munoz, Miguel"]
[Black "Alvarado Diaz, Alejandro"]
[Result "1-0"]
[WhiteElo "2482"]
[BlackElo "2399"]
[Annotator "TA"]
[PlyCount "83"]
[EventDate "2019.03.23"]
[EventType "tourn"]
[EventCountry "ESP"]
[SourceTitle "playchess.com"]
[Source "ChessBase"]
[SourceQuality "1"]

{[%evp 15,83,6,9,6,6,-7,6,15,12,8,39,0,0,0,29,25,24,27,26,21,24,37,87,93,87,68,68,68,68,68,70,54,68,72,68,73,79,80,245,229,213,216,249,236,301,296,308,292,403,427,412,414,387,401,452,482,504,398,835,831,1193,1181,1358,1341,1468,1029,937,937,1188,1166]} 1. e4 e6 2. d4 d5 3. Nd2 Be7 4. Bd3 c5 5. dxc5 Nf6 6. Qe2 O-O 7. Ngf3 {C03: French Tarrasch: Unusual Black 3rd moves} a5 8. a4 (8. O-O Na6 9. e5 Nd7 10. c4 Ndxc5 11. Bb1 d4 12. Rd1 d3 13. Qe3 b6 14. Ne1 Bb7 15. Nxd3 {½-½ (57) Liang,A (2552)-So,W (2786) Saint Louis 2018}) 8... Na6 {LiveBook: 33 Games} 9. Bxa6 {The position is equal.} Rxa6 10. O-O Bxc5 11. e5 Nd7 12. Nb3 Be7 13. Be3 $146 ({Predecessor:} 13. Nfd4 Nb6 14. Qg4 f5 {0-1 (50) Garcia Castany Musellas,G (1980)-Nicolas Zapata,I (2117) Padron 2011}) 13... Qc7 14. Bf4 Nb6 15. Nbd4 Bd7 16. b3 Raa8 17. Rad1 Nc8 18. Rd3 Qd8 19. Qd2 Na7 20. Nf5 Nc6 $1 ({Much weaker is} 20... exf5 21. Rxd5 Qe8 22. Rxd7 $16) 21. Nxe7+ Qxe7 22. Bg5 f6 23. exf6 gxf6 24. Bh6 $36 {[%mdl 2048] White is really pushing.} Rf7 25. Re1 Qb4 26. Qd1 Qg4 $2 {[#]} (26... Ne7 $16 {was necessary.}) 27. Ne5 $1 $18 Nxe5 28. Rg3 Qxg3 29. hxg3 Ng6 30. Qd4 Rc8 31. Qb6 Rxc2 32. Qxb7 ({Less strong is} 32. Qd8+ Nf8 $18) 32... Re7 33. Qa8+ Kf7 34. Qxa5 d4 35. Rc1 Ra2 36. Bd2 Ne5 $2 (36... Kg7 37. Bb4 Rf7) 37. Bb4 {White is clearly winning.} Re8 38. f4 Nd3 39. Rc7 {[#] White wants to mate with Qh5+.} Rd8 40. Qh5+ Kg7 41. Qb5 Ra1+ 42. Kh2 {Accuracy: White = 84%, Black = 31%.} 1-0

[Event "1st GM Brena Baja-La Palma 2019"]
[Site "La Palma"]
[Date "2019.03.30"]
[Round "3.3"]
[White "Herrera Reyes, Jose Antonio"]
[Black "Napoli, Nicolo"]
[Result "0-1"]
[WhiteElo "2324"]
[BlackElo "2321"]
[Annotator "NA"]
[PlyCount "118"]
[EventDate "2019.03.23"]
[EventType "tourn"]
[EventCountry "ESP"]
[SourceTitle "playchess.com"]
[Source "ChessBase"]
[SourceQuality "1"]
[TimeControl "5400+30"]

1. Nf3 {[%emt 0:00:56]} Nf6 {[%emt 0:00:00]} 2. g3 {[%emt 0:03:31]} d5 {[%emt 0:00:00]} 3. Bg2 {[%emt 0:00:05]} c6 {[%emt 0:00:17]} 4. d3 {[%emt 0:00:29]} Bf5 {[%emt 0:00:27]} 5. O-O {[%emt 0:00:20]} e6 {[%emt 0:00:32]} 6. c3 {[%emt 0:05:36] A07: Réti Opening: New York and Capablanca Systems} (6. b3 h6 7. Bb2 Be7 8. Nbd2 O-O 9. c4 a5 10. a3 Bh7 11. Qc2 Na6 12. Ne5 Nd7 13. Nxd7 Qxd7 14. Nf3 Rfc8 15. Bc3 Qd8 16. Qb2 Bf6 17. Ne5 Nc5 18. Bd4 Qd6 19. f4 dxc4 20. dxc4 Nxb3 21. Qxb3 Qxd4+ {0-1 (49) Caruana,F (2808)-Grischuk,A (2761) Paris 2017}) 6... Be7 {[%emt 0:00:29]} 7. Qb3 {[%emt 0:01:27]} Qb6 {[%emt 0:00:10]} 8. Be3 {[%emt 0:00:18]} Qa6 {[%emt 0:09:50]} 9. a4 $146 {[%emt 0:05:37]} ({Predecessor:} 9. h3 h6 10. a4 Nbd7 11. Nbd2 Bc5 12. Bxc5 Nxc5 13. Qa3 b6 {1-0 (64) Levay,S (2217)-Kristofori,A (2082) Corund 2016}) 9... Nbd7 {[%emt 0:03:15]} 10. Qc2 {[%emt 0:02:32]} O-O {[%emt 0:12:12]} 11. b4 {[%emt 0:04:14]} Ng4 {[%emt 0:03:43]} 12. Bd2 {[%emt 0:04:31]} c5 {[%emt 0:01:21]} 13. b5 {[%emt 0:07:30]} Qd6 {[%emt 0:02:20]} 14. e4 {[%emt 0:04:06]} Bg6 {[%emt 0:00:47]} 15. exd5 {[%emt 0:03:57]} c4 {[%emt 0:04:36]} 16. Ne1 {[%emt 0:04:20]} Nge5 {[%emt 0:13:20]} 17. Qa2 {[%emt 0:03:05]} exd5 {[%emt 0:03:03]} 18. d4 {[%emt 0:00:42]} Ng4 {[%emt 0:03:09]} 19. h3 {[%emt 0:13:27]} Ngf6 {[%emt 0:00:34]} 20. Bf4 {[%emt 0:00:08]} Qb6 {[%emt 0:01:50]} 21. Nd2 {[%emt 0:03:45]} Rfe8 {[%emt 0:00:47]} 22. a5 {[%emt 0:01:38]} Qxb5 {[%emt 0:01:59]} 23. Nc2 {[%emt 0:00:34]} Bf8 {[%emt 0:04:00]} 24. Ne3 {[%emt 0:02:16]} Bd3 {[%emt 0:08:59]} 25. Rfc1 {[%emt 0:06:30]} Rac8 {[%emt 0:04:52]} 26. g4 {[%emt 0:03:07]} Ne4 27. Nf3 {[%emt 0:02:16]} Qc6 {[%emt 0:05:18]} 28. Qa4 {[%emt 0:00:00]} Ndf6 {[%emt 0:02:07]} 29. Ne5 $15 {[%emt 0:01:57]} Qe6 {[%emt 0:01:09]} 30. Qd1 {[%emt 0:02:30]} Bd6 {[%emt 0:01:12]} 31. f3 {[%emt 0:04:14]} Nc5 {[%emt 0:00:43]} 32. Bh2 {[%emt 0:01:53]} Nb3 33. g5 {[%emt 0:00:00]} Nxc1 34. Rxc1 Nd7 {[%emt 0:00:07]} 35. f4 {[%emt 0:00:00]} Nxe5 {[%emt 0:03:37]} 36. fxe5 {[%emt 0:01:37]} Ba3 {[%emt 0:00:19]} 37. Ra1 {[%emt 0:01:12]} Bb2 {[%emt 0:00:19]} 38. Nxd5 {[%emt 0:01:35]} Bxa1 {[%emt 0:01:14]} 39. Qxa1 {[%emt 0:00:01]} Qf5 {[%emt 0:00:49]} 40. Qe1 {[%emt 0:02:31]} Qxg5 {[%emt 0:02:30]} 41. h4 {[%emt 0:01:24]} Qg4 {[%emt 0:01:34]} 42. Bf4 {[%emt 0:02:48]} Rc6 {[%emt 0:01:28]} 43. Qf2 {[%emt 0:01:38]} Rg6 {[%emt 0:00:57]} 44. Bg5 {[%emt 0:00:51]} h6 {[%emt 0:01:08]} 45. Ne3 {[%emt 0:00:36]} Qd7 {[%emt 0:01:32]} 46. Bf4 {[%emt 0:00:23]} Be4 {[%emt 0:02:05]} 47. h5 {[%emt 0:00:01]} Rxg2+ {[%emt 0:00:07]} 48. Nxg2 {[%emt 0:00:05]} Qg4 {[%emt 0:00:04]} 49. Bg3 {[%emt 0:00:07]} Qxh5 {[%emt 0:00:48]} 50. Qe3 {[%emt 0:00:55]} Qd1+ {[%emt 0:00:53]} 51. Ne1 {[%emt 0:00:53]} Bd5 {[%emt 0:00:22]} 52. Qf4 {[%emt 0:01:01]} Re6 {[%emt 0:00:37]} 53. Qh4 {[%emt 0:00:12]} Rg6 {[%emt 0:00:37]} 54. Kf1 {[%emt 0:00:20]} Kh7 {[%emt 0:00:44]} 55. Qf4 {[%emt 0:00:56]} b6 {[%emt 0:00:58]} 56. a6 {[%emt 0:00:35]} b5 {[%emt 0:00:08]} 57. Kf2 {[%emt 0:00:40]} b4 {[%emt 0:00:32]} 58. cxb4 {[%emt 0:00:04]} c3 {[%emt 0:00:05]} 59. Qe3 {[%emt 0:00:54]} Qd2+ {[%emt 0:00:23]} 0-1

[Event "1st GM Brena Baja-La Palma 2019"]
[Site "La Palma"]
[Date "2019.03.30"]
[Round "3.4"]
[White "Lemos, Damian"]
[Black "Hernandez Leon, Alberto"]
[Result "1/2-1/2"]
[WhiteElo "2482"]
[BlackElo "2280"]
[Annotator "TA"]
[PlyCount "73"]
[EventDate "2019.03.23"]
[EventType "tourn"]
[EventCountry "ESP"]
[SourceTitle "playchess.com"]
[Source "ChessBase"]
[SourceQuality "1"]

{[%evp 10,73,0,0,0,0,0,0,0,0,0,0,12,6,4,14,15,24,7,13,12,12,14,10,4,4,17,10,18,19,18,6,20,22,22,10,19,0,0,0,0,0,0,0,17,16,13,27,29,31,20,0,0,-16,-6,-27,-27,-58,-60,-59,0,0,0,-59,0,0]} 1. Nf3 Nf6 2. d4 c5 3. e3 g6 4. c3 b6 5. dxc5 bxc5 6. e4 {LiveBook: 56 Games. A48: 1 d4 Nf6 2 Nf3 g6: Torre, London and Colle Systems} Qc7 (6... Bg7 7. Bd3 O-O 8. O-O d6 9. Na3 Bb7 10. Re1 Nbd7 11. h3 a5 12. Bf4 a4 {0-1 (54) Carlsen,M (2850)-Grischuk,A (2774) Berlin 2015 CBM 168 Extra [Schulz,André]}) 7. Bd3 $146 ({Predecessor:} 7. Bc4 Nc6 8. O-O Bg7 9. e5 Nxe5 10. Nxe5 Qxe5 11. Qf3 Qb8 12. Bf4 Qb7 {0-1 (54) Chemin,V (2122)-Van Riemsdijk,H (2309) Curitiba 2016}) 7... Nc6 8. O-O Bg7 9. h3 d6 10. Re1 Nd7 11. Nbd2 O-O 12. Nc4 Nde5 13. Nfxe5 Nxe5 14. Nxe5 Bxe5 15. Bh6 Bg7 16. Bxg7 Kxg7 17. Bc4 Bb7 18. Qd2 Rad8 19. Rad1 e6 20. Qf4 Qc6 21. Bf1 e5 22. Qh4 Ba6 23. Rd5 Bxf1 24. Rxf1 Qa4 25. a3 Qc2 26. b4 Rc8 27. Rxd6 {White wants to play Qf6+.} Qxc3 28. Qf6+ Kg8 29. h4 {[#] aiming for h5!} h5 $1 30. Rfd1 cxb4 31. Qg5 Rc6 {White must now prevent ...b3.} 32. R6d3 Qc4 33. Rd8 Rc8 {[#] Threatens to win with ...Rcxd8.} 34. R8d6 {Threatening Rxg6+!} Rc6 (34... Qxe4 $15 35. axb4 Rc4) 35. Rd8 $11 Rc8 ({Black should try} 35... bxa3 $11 36. Qe7 Rxd8 37. Rxd8+ Kg7 38. Qf8+ Kf6 39. Qh8+ Ke7 40. Qf8+ Kf6 41. Qh8+ Ke6 42. Qe8+ Kf6 43. Qh8+) 36. R8d6 $1 $15 {next Rxg6+! is good for White.} Rc6 (36... Qxe4 $15 37. axb4 Rc4) 37. Rd8 {Precision: White = 62%, Black = 68%.} 1/2-1/2

[Event "1st GM Brena Baja-La Palma 2019"]
[Site "La Palma"]
[Date "2019.03.30"]
[Round "3.5"]
[White "De Verdier, Michael"]
[Black "Ladron De Guevara Pinto, Paolo"]
[Result "1/2-1/2"]
[WhiteElo "2306"]
[BlackElo "2429"]
[Annotator "TA"]
[PlyCount "91"]
[EventDate "2019.03.23"]
[EventType "tourn"]
[EventCountry "ESP"]
[SourceTitle "playchess.com"]
[Source "ChessBase"]
[SourceQuality "1"]

{[%evp 14,91,39,35,33,21,27,26,63,53,63,54,67,75,73,33,38,33,33,31,36,33,104,31,35,53,55,59,62,16,20,20,16,14,9,0,11,0,0,0,0,0,0,0,0,0,0,-4,24,28,34,31,63,64,65,22,70,6,668,-142,92,98,105,0,29,27,99,100,168,87,90,83,85,0,79,75,89,80,356,88]} 1. Nf3 Nf6 2. c4 c6 3. b3 g6 4. Bb2 Bg7 5. e3 O-O 6. Be2 d5 7. O-O a5 {A12: English Opening: 1...c6 with b3 by White} (7... dxc4 8. bxc4 c5 9. d4 cxd4 10. exd4 e6 11. Nc3 Nc6 12. Ba3 Re8 13. Nb5 Ne4 14. Qd3 a6 15. Qxe4 axb5 {0-1 (72) Radjabov,T (2734)-Aronian,L (2797) Beijing 2014}) 8. Nc3 {LiveBook: 12 Games} Ne4 9. Qc2 Bf5 $146 {...Nxc3 is the strong threat.The position is equal.} ({Predecessor:} 9... Na6 10. cxd5 Bf5 11. Nxe4 Bxe4 12. Qxe4 Bxb2 13. dxc6 Bxa1 14. cxb7 Ra7 15. Rxa1 {1-0 (37) Cunha,L (2287)-Cubas,J (2469) Florianopolis 2017}) 10. d3 Nf6 11. Rfd1 Na6 12. a3 Qb8 13. cxd5 cxd5 14. Nb5 Rc8 15. Qd2 b6 16. Be5 Qb7 17. Qb2 Rc5 {[#]} (17... Nc5 $14) 18. Nbd4 ({White should try} 18. Nd6 $1 $16 {[%mdl 512]} exd6 19. Bxf6 Bxf6 20. Qxf6) 18... Bd7 $14 19. b4 axb4 20. axb4 Rcc8 21. Ne1 Ne8 22. Bxg7 Nxg7 23. Bf3 Nc7 24. b5 Nge8 25. e4 Rxa1 26. Rxa1 e5 27. Nc6 $1 {[%cal Rc6e7]} Bxc6 28. bxc6 Qxc6 29. Rc1 Qd6 30. exd5 b5 31. Rc6 $36 {[%mdl 2048] White fights for an advantage.} Qe7 32. Nc2 Rb8 33. Nb4 Nd6 34. Qc3 Nce8 35. Rc5 (35. Ra6 $14) 35... Nc7 $2 {[%mdl 8192]} (35... Qf6 $11) 36. Nc2 $2 {[#]} (36. Nc6 $18 Qf8 37. Nxb8 Qxb8 38. Rxc7) 36... Rc8 $2 (36... b4 $1 $17 {[%cal Rb4c3][%mdl 512]} 37. Qb2 (37. Nxb4 Na6) 37... Nf5) 37. Rc6 $16 {Black must now prevent Qc5.} Nde8 38. Qb2 (38. Nb4 $16) 38... Rd8 39. Nb4 Qh4 (39... e4 $11 40. Bxe4 (40. dxe4 Nxd5 41. Nc2 Nf4 $14) 40... Nxd5 41. Nxd5 Rxd5) 40. g3 Qd4 {[#]} (40... Qe7 $16 {might work better.}) 41. Qxd4 ({White should play} 41. Rc3 $1 $18 {And now Nc6 would win.} Rd6 42. Nc6 Rxc6 43. dxc6) 41... exd4 42. Rb6 Kg7 43. Rc6 Kg8 44. Rc5 Rd7 45. Nc6 Nf6 $2 {[%mdl 8192]} (45... Nd6 $16) 46. Nxd4 $2 {Precision: White = 36%, Black = 45%.} (46. Ne5 $18 {and the rest is easy.} Rxd5 47. Bxd5 Ncxd5 48. Rxb5) 1/2-1/2

[Event "1st GM Brena Baja-La Palma 2019"]
[Site "La Palma"]
[Date "2019.03.30"]
[Round "4.1"]
[White "Gonzalez Perez, Arian"]
[Black "Ladron De Guevara Pinto, Paolo"]
[Result "1-0"]
[WhiteElo "2467"]
[BlackElo "2429"]
[Annotator "TA"]
[PlyCount "75"]
[EventDate "2019.03.23"]
[EventType "tourn"]
[EventCountry "ESP"]
[SourceTitle "playchess.com"]
[Source "ChessBase"]
[SourceQuality "1"]

{[%evp 16,75,28,15,16,16,12,17,27,22,26,25,35,33,46,54,42,29,60,72,75,70,81,78,81,70,101,99,188,179,196,175,187,120,163,133,356,352,442,451,430,426,432,326,349,323,431,442,425,298,334,330,320,324,1051,1001,864,593,586,581,5489,5485]} 1. d4 d5 2. c4 e6 3. Nc3 Be7 4. cxd5 exd5 5. Bf4 c6 6. Qc2 g6 7. e3 Bf5 8. Qd2 Nf6 9. Nge2 {LiveBook: 5 Games. D31: Queen's Gambit Declined: Semi-Slav without ...Nf6 (+ Marshall Gambit and Noteboom) and Exchange Variation lines without ...Nf6} (9. f3 h5 10. Bd3 Bxd3 11. Qxd3 Nbd7 12. Nge2 b5 13. O-O O-O 14. a3 a5 15. e4 dxe4 16. fxe4 Nc5 {1-0 (41) Yu,Y (2759)-Xu,Y (2536) Hangzhou 2018}) 9... h5 10. h3 $146 ({Predecessor:} 10. Ng3 Be6 11. Bd3 h4 12. Nge2 Bd6 13. f3 Nh5 14. Bxd6 Qxd6 15. g4 hxg3 16. hxg3 Rg8 {1-0 (40) Bernadskiy,V (2584)-Basso,P (2459) Ordu 2018}) 10... h4 11. Nc1 {The position is equal.} Nbd7 12. Bd3 Bxd3 13. Nxd3 Ne4 14. Qc2 Nd6 15. O-O O-O 16. b4 a5 17. b5 Nc4 18. bxc6 bxc6 19. Na4 Qc8 20. Rfc1 g5 {[#]} 21. Bh2 $1 f5 {[#]} (21... Ba3 $16) 22. Nab2 $1 $18 Nxb2 23. Qxb2 Qa6 24. Rc3 (24. Qc2 $18) 24... Rac8 25. Rac1 Nb6 $2 (25... c5 $16) 26. Qe2 Na4 27. Qh5 {White threatens Qg6+ and mate.} c5 28. Nxc5 Nxc5 29. dxc5 Qe6 {[#]} 30. Bd6 $1 {[%mdl 512]} Rc6 (30... Bxd6 31. cxd6) 31. Bxe7 Qxe7 32. a4 Kg7 {Now ...g4 and Black clings on.} 33. Rb3 Rfc8 34. Rb5 Qd8 $2 (34... Kf6 35. Rd1 Qf7 36. Qxf7+ Kxf7 37. Rxd5 Kf6 38. Rxa5 Re8) 35. Rb7+ {White is clearly winning.} R8c7 36. Rxc7+ Rxc7 37. Rb1 {aiming for Rb6.} Qf6 38. Rb6 {Precision: White = 75%, Black = 29%.} 1-0

[Event "1st GM Brena Baja-La Palma 2019"]
[Site "La Palma"]
[Date "2019.03.30"]
[Round "4.2"]
[White "Hernandez Leon, Alberto"]
[Black "De Verdier, Michael"]
[Result "1/2-1/2"]
[WhiteElo "2280"]
[BlackElo "2306"]
[Annotator "TA"]
[PlyCount "61"]
[EventDate "2019.03.23"]
[EventType "tourn"]
[EventCountry "ESP"]
[SourceTitle "playchess.com"]
[Source "ChessBase"]
[SourceQuality "1"]

{[%evp 10,61,8,1,14,12,9,3,13,0,0,0,0,-10,0,-1,1,-2,0,0,1,0,8,-29,-4,-19,0,0,0,-7,-5,-14,-20,-15,0,-15,-9,-16,-7,-13,-1,-8,-4,-4,-5,-8,-9,-22,0,0,0,0,0,0]} 1. d4 Nf6 2. Nf3 e6 3. c4 Bb4+ 4. Bd2 Bxd2+ 5. Nbxd2 d6 6. g3 Qe7 {E11: Bogo-Indian} 7. Bg2 e5 (7... O-O 8. Nf1 d5 9. Ne3 c6 10. O-O b6 11. Rc1 Bb7 12. Ne5 Rd8 13. Qa4 Nfd7 14. Nd3 {1-0 (62) Fressinet,L (2700)-Dominguez Perez,L (2732) Huaian 2016}) 8. e4 O-O 9. d5 a5 10. O-O Na6 11. Ne1 Nc5 12. Qc2 g6 13. b3 $146 ({Predecessor:} 13. Nb3 Nfd7 14. Nxc5 Nxc5 15. Nd3 Nxd3 16. Qxd3 {½-½ (16) Wells,J (2037)-McLaren,C (1795) Llandudno 2017}) 13... Nh5 14. Nd3 Nxd3 15. Qxd3 f5 16. a3 Nf6 17. b4 {The position is equal.} fxe4 18. Nxe4 Nxe4 19. Bxe4 Bf5 20. Qe3 Bxe4 21. Qxe4 Qf6 22. Rab1 axb4 23. axb4 Qf3 24. Qxf3 Rxf3 $11 {[%mdl 4096] Endgame KRR-KRR} 25. Ra1 Rfa3 26. Rxa3 Rxa3 27. f4 exf4 28. Rxf4 Rb3 29. b5 Rc3 30. g4 b6 31. Kg2 {Accuracy: White = 48%, Black = 49%.} 1/2-1/2

[Event "1st GM Brena Baja-La Palma 2019"]
[Site "La Palma"]
[Date "2019.03.30"]
[Round "4.3"]
[White "Napoli, Nicolo"]
[Black "Lemos, Damian"]
[Result "0-1"]
[WhiteElo "2321"]
[BlackElo "2482"]
[Annotator "TA"]
[PlyCount "60"]
[EventDate "2019.03.23"]
[EventType "tourn"]
[EventCountry "ESP"]
[SourceTitle "playchess.com"]
[Source "ChessBase"]
[SourceQuality "1"]

{[%evp 11,60,22,19,-17,-17,-28,-22,-62,-55,-73,-48,-62,-44,-83,-76,-95,-77,-230,-230,-304,-288,-305,-304,-300,-274,-297,-294,-297,-299,-373,-328,-470,-471,-461,-460,-433,-453,-584,-575,-582,-567,-563,-552,-570,-577,-570,-559,-696,-708,-698,-616]} 1. d4 d5 2. c4 c6 3. Nc3 Nf6 4. Nf3 e6 5. e3 Nbd7 6. Qc2 b6 7. Bd2 {D45: Semi-Slav: 5 e3} (7. Bd3 Bb7 8. O-O Be7 9. b3 O-O 10. Bb2 h6 11. Rad1 Qc7 12. Qe2 Rad8 13. Rfe1 Rfe8 14. Bb1 Bf8 15. Ne5 dxc4 16. Nxd7 Rxd7 17. bxc4 c5 18. d5 exd5 19. Nxd5 Nxd5 20. cxd5 {0-1 (29) Gelfand,B (2703)-Ivanchuk,V (2710) Jerusalem 2018}) 7... Bb7 8. Rc1 Bd6 9. e4 $146 {The position is equal.} ({Predecessor:} 9. Bd3 dxc4 10. Bxc4 c5 11. Bd3 Rc8 12. Qa4 Bc6 13. Bb5 Qc7 14. Bxc6 Qxc6 15. Qxc6 Rxc6 {0-1 (36) Rucka,A (1945)-Pecka,F (2052) Rychnov 2012}) 9... dxe4 10. Nxe4 Nxe4 11. Qxe4 Nf6 12. Qh4 c5 13. Be2 Ne4 {White must now prevent ...Qxh4.} 14. Qg4 $2 (14. Qxd8+ $17 Rxd8 15. dxc5 Bxc5 16. Be3) 14... O-O $19 15. Bh6 {[%csl Gh6][%cal Rg4g7]} Qf6 $1 {[%csl LRd4,LRh6][%mdl 64] Double Attack} 16. Be3 cxd4 17. Bxd4 Bb4+ 18. Kf1 {[#]} Qh6 $1 {[%cal Rh6c1]} 19. Be3 f5 20. Qf4 {[#]} g5 $1 {[%mdl 512]} 21. Nxg5 (21. Qe5 {keeps fighting.} Bd6 22. Qb5) 21... Bd6 {Black is clearly winning.} 22. Qf3 {[#] And now Nxe4 would win.} Ng3+ $1 {[%mdl 512]} 23. fxg3 Bxf3 24. Bxf3 f4 25. gxf4 Bxf4 26. Bxf4 Rxf4 27. h4 Rxh4 28. Rxh4 Qxh4 29. Rc3 Rf8 30. Nxe6 {[#]} Rxf3+ $1 {[%mdl 512] Accuracy: White = 26%, Black = 97%.} 0-1

[Event "1st GM Brena Baja-La Palma 2019"]
[Site "La Palma"]
[Date "2019.03.30"]
[Round "4.4"]
[White "Alvarado Diaz, Alejandro"]
[Black "Herrera Reyes, Jose Antonio"]
[Result "1/2-1/2"]
[WhiteElo "2399"]
[BlackElo "2324"]
[Annotator "ChessBase"]
[PlyCount "83"]
[EventDate "2019.03.23"]
[EventType "tourn"]
[EventCountry "ESP"]
[SourceTitle "playchess.com"]
[Source "ChessBase"]
[SourceQuality "1"]
[TimeControl "5400+30"]

1. e4 {[%emt 0:00:00]} e5 {[%emt 0:01:13]} 2. Nf3 {[%emt 0:00:00]} Nc6 {[%emt 0:00:06]} 3. Bb5 {[%emt 0:00:34]} Nf6 {[%emt 0:00:09]} 4. O-O {[%emt 0:00:53]} Nxe4 {[%emt 0:00:21]} 5. d4 {[%emt 0:00:38]} Nd6 {[%emt 0:00:06]} 6. Bxc6 {[%emt 0:00:28]} dxc6 {[%emt 0:00:07]} 7. dxe5 {[%emt 0:00:06]} Nf5 {[%emt 0:00:07]} 8. Qxd8+ {[%emt 0:00:06]} Kxd8 {[%emt 0:00:05]} 9. Nc3 {[%emt 0:00:42]} Bd7 {[%emt 0:01:53]} 10. h3 {[%emt 0:01:31]} b6 {[%emt 0:01:27]} 11. Bf4 {[%emt 0:01:13]} Kc8 {[%emt 0:00:34]} 12. Rad1 {[%emt 0:01:19]} h6 {[%emt 0:04:09]} 13. Bh2 {[%emt 0:01:33]} a5 {[%emt 0:00:25]} 14. g4 {[%emt 0:00:44]} Ne7 {[%emt 0:00:14]} 15. Nd4 {[%emt 0:00:06]} h5 {[%emt 0:01:00]} 16. e6 {[%emt 0:00:42]} fxe6 {[%emt 0:01:05]} 17. Rfe1 {[%emt 0:00:09]} hxg4 {[%emt 0:00:09]} 18. hxg4 {[%emt 0:00:04]} Rh6 {[%emt 0:00:08]} 19. g5 {[%emt 0:01:19]} Rh5 {[%emt 0:01:12]} 20. Nxe6 {[%emt 0:00:40]} Bxe6 {[%emt 0:00:08]} 21. Rxe6 {[%emt 0:00:03]} Rxg5+ {[%emt 0:00:09]} 22. Kf1 {[%emt 0:00:09]} Rf5 {[%emt 0:00:49]} 23. a4 {[%emt 0:01:30]} Rb8 {[%emt 0:00:55]} 24. Rd3 {[%emt 0:02:36]} Rf7 {[%emt 0:00:49]} 25. Kg2 {[%emt 0:01:55]} b5 {[%emt 0:01:49]} 26. axb5 {[%emt 0:00:43]} cxb5 {[%emt 0:00:02]} 27. Ra6 {[%emt 0:00:15]} b4 {[%emt 0:00:15]} 28. Nd5 {[%emt 0:00:19]} Nxd5 {[%emt 0:00:21]} 29. Rxd5 {[%emt 0:00:06]} b3 {[%emt 0:00:21]} 30. c3 {[%emt 0:00:59]} Ba3 {[%emt 0:01:03]} 31. Re6 {[%emt 0:02:59]} Re7 {[%emt 0:00:37]} 32. Rxe7 {[%emt 0:00:07]} Bxe7 {[%emt 0:00:02]} 33. Rxa5 {[%emt 0:00:06]} Kd7 {[%emt 0:00:21]} 34. Be5 {[%emt 0:01:18]} Bd6 {[%emt 0:00:16]} 35. Bd4 {[%emt 0:00:23]} Bf4 {[%emt 0:00:12]} 36. Kf3 {[%emt 0:00:18]} Bc1 {[%emt 0:00:16]} 37. c4 {[%emt 0:00:05]} g5 {[%emt 0:00:15]} 38. Ke4 {[%emt 0:00:29]} Rf8 {[%emt 0:00:20]} 39. Rd5+ {[%emt 0:00:20]} Kc6 {[%emt 0:00:07]} 40. Rc5+ {[%emt 0:00:05]} Kd7 {[%emt 0:00:08]} 41. Rd5+ {[%emt 0:00:05]} Kc6 {[%emt 0:00:06]} 42. Rc5+ {[%emt 0:00:05] Kd5+ [%emt 00:00:17]} 1/2-1/2